00573 aa a2200181 450000500170000001000060001702000240002303500130004703700080006008200130006810000390008124501000012024600090022026000920022927000120032130000520033349000060038520120602101626.0 a  c120.00a8176568511  aB-170783 bpub a526.0221 aतिवारी, एन.के. aभौगोलिक सूचना प्रणाली /cएन.के.तिवारी a b  aनई दिल्लीbबी.पी.बी.पब्लिकेशन्सc2004 a b e  a172पृc22 सेमी (अजिल्द) a